Normal view
MARC view
- قواعد اللغة العربية السلسلة- اللغة العربية
Entry Topical Term
001 - CONTROL NUMBER
- control field: 30047
003 - CONTROL NUMBER IDENTIFIER
- control field: JO-AjAnu
005 - DATE AND TIME OF LATEST TRANSACTION
- control field: 20230606075056.0
008 - FIXED-LENGTH DATA ELEMENTS
- fixed length control field: 230606|| aca||aabn | a|a d
040 ## - CATALOGING SOURCE
- Original cataloging agency: JO-AjAnu
- Transcribing agency: JO-AjAnu
150 ## - HEADING--TOPICAL TERM
- Topical term or geographic name entry element: قواعد اللغة العربية السلسلة- اللغة العربية
670 ## - SOURCE DATA FOUND
- Source citation: Work cat.: (JO-AjAnu)15432: تاليف فريحات،فاطمة محمد سعد, author 30046, السلسة القصصية في قواعد اللغة العربية للأطفال